| 000 | 00926cam a22001935a 4500 | ||
|---|---|---|---|
| 001 | L149346 | ||
| 008 | 100223s2009 xxk 000 0 eng d | ||
| 035 | _a(Sirsi) u149346 | ||
| 041 | 0 | _aeng | |
| 100 | 1 | _aOverstall, James | |
| 245 | 0 | 0 |
_aNightmare on retail street _bthe dangers of short-term lets |
| 260 | _c2009 | ||
| 490 |
_aLovells Real Estate Quarterly _v Winter 2009, 8(1) |
||
| 520 | _aLandlords should be wary of accepting retailers? offers to take short-term pre-Christmas tenancy agreements on empty shops. Summarises the advantages and disadvantages of this type of agreement. Care must be taken not to inadvertently grant a protected tenancy under the Landlord and Tenant Act 1954. Landlord and Tenant Act 1954. | ||
| 590 | _aKA | ||
| 651 | 4 |
_aEngland and Wales _y1543- |
|
| 690 | _aPROPERTY-COMMERCIAL PROPERTY-LEASEHOLD COMMERCIAL PROPERTY-COMMERCIAL LANDLORD AND TENANT-BUSINESS TENANCIES | ||
| 942 | _n0 | ||
| 999 |
_c82147 _d82147 |
||